[Event "ISR-chT"]
[Site "Israel"]
[Date "2022.02.12"]
[Round "6.3"]
[White "Parkhov, Yair"]
[Black "Zak, Uriel"]
[Result "1-0"]
[WhiteElo "2445"]
[BlackElo "2253"]
[PlyCount "93"]
[EventDate "2022.01.14"]
[EventType "team-tourn"]
[EventRounds "11"]
[EventCountry "ISR"]
[SourceTitle "EXT 2023"]
[Source "ChessBase"]
[SourceDate "2022.10.05"]
[SourceVersion "1"]
[SourceVersionDate "2022.10.05"]
[SourceQuality "1"]
[WhiteTeam "Rehovot"]
[BlackTeam "Tel Aviv"]
[WhiteTeamCountry "ISR"]
[BlackTeamCountry "ISR"]

1. d4 d5 2. c4 e6 3. Nf3 Nf6 4. g3 dxc4 5. Bg2 c5 6. 0-0 Bd7 7. dxc5 Nc6 8. Na3 c3 9. Nb5 Bxc5 10. Nxc3 0-0 11. a3 Re8 12. Bg5 Be7 13. b4 Rc8 14. Qb3 Nd5 15. Bd2 Bf6 16. Rac1 Nxc3 17. Bxc3 Bxc3 18. Qxc3 Qf6 19. Rfd1 Nb8 20. Qxf6 gxf6 21. Nd2 Ba4 22. Re1 Bc6 23. Bxc6 Rxc6 24. Ne4 Kg7 25. b5 Rb6 26. a4 e5 27. Rc7 Rd8 28. Nc5 Rd5 29. e4 Rdd6 30. Rb1 Rdc6 31. bxc6 Rxb1+ 32. Kg2 Nxc6 33. Nxb7 Kg6 34. Nd6 Nd4 35. Rxa7 Nc2 36. Nf5 Ne1+ 37. Kh3 Nd3 38. Nh4+ Kg7 39. Kg4 Nxf2+ 40. Kh5 Kf8 41. Nf5 Rb8 42. Nd6 Kg8 43. a5 f5 44. exf5 e4 45. a6 e3 46. Re7 Ra8 47. a7 1-0

[Event "Jerusalem Japhet Memorial op"]
[Site "Jerusalem"]
[Date "2013.08.07"]
[Round "4"]
[White "Flom, Gabriel"]
[Black "Zak, Uriel"]
[Result "1/2-1/2"]
[WhiteElo "2438"]
[BlackElo "2279"]
[PlyCount "113"]
[EventDate "2013.08.04"]
[EventType "swiss"]
[EventRounds "5"]
[EventCountry "ISR"]
[SourceTitle "EXT 2019"]
[Source "ChessBase"]
[SourceDate "2018.10.10"]
[SourceVersion "1"]
[SourceVersionDate "2018.10.10"]
[SourceQuality "1"]

1. d4 d5 2. c4 e6 3. Nc3 Bb4 4. Nf3 dxc4 5. e4 b5 6. a4 c6 7. Be2 Nf6 8. Qc2 h6 9. 0-0 0-0 10. axb5 Bxc3 11. bxc3 cxb5 12. Ba3 Re8 13. Rfb1 a6 14. e5 Nd5 15. Nd2 Nc6 16. Bc5 Nf4 17. Ne4 Nxe2+ 18. Qxe2 Qd5 19. Qg4 Kh7 20. Nd6 Rd8 21. Nxf7 Bb7 22. Re1 Rd7 23. Nd6 Ne7 24. Re3 Rg8 25. Nxb7 Rxb7 26. Bxe7 Rxe7 27. Rxa6 Ra8 28. Rxa8 Qxa8 29. h4 b4 30. cxb4 c3 31. h5 Rc7 32. Qg6+ Kh8 33. Qc2 Qa3 34. Kh2 Qxb4 35. g3 Kg8 36. Rd3 Qc4 37. Rd1 Rd7 38. Rb1 Rd8 39. Rb3 Rc8 40. Ra3 Qxd4 41. f4 Qc5 42. Rb3 Qc4 43. Rb7 Rd8 44. Kh3 Qd5 45. Rc7 Qf3 46. Rxc3 Qxh5+ 47. Kg2 Qg4 48. Rc7 h5 49. Rc8 Rxc8 50. Qxc8+ Kh7 51. Qc2+ Kh6 52. Qc8 Qe2+ 53. Kh3 Qf1+ 54. Kh2 Qf2+ 55. Kh3 Qf1+ 56. Kh2 Qf2+ 57. Kh3 1/2-1/2

[Event "ISR-chT 1112"]
[Site "Israel"]
[Date "2012.03.02"]
[Round "11.5"]
[White "Lederer, Yoav"]
[Black "Zak, Uriel"]
[Result "1/2-1/2"]
[WhiteElo "2328"]
[BlackElo "2269"]
[PlyCount "134"]
[EventDate "2011.12.16"]
[EventType "team-tourn"]
[EventRounds "11"]
[EventCountry "ISR"]
[SourceTitle "EXT 2013"]
[Source "ChessBase"]
[SourceDate "2012.11.22"]
[SourceVersion "1"]
[SourceVersionDate "2012.11.22"]
[SourceQuality "1"]

1. c4 e6 2. g3 d5 3. Bg2 Nf6 4. Nf3 dxc4 5. Qa4+ Nbd7 6. Qxc4 a6 7. Qc2 c5 8. 0-0 b5 9. a4 Bb7 10. d3 Be7 11. axb5 axb5 12. Rxa8 Qxa8 13. Na3 Bc6 14. Bd2 0-0 15. Rc1 Rd8 16. Ne1 Nd5 17. Qb3 Qa6 18. e4 N5b6 19. Be3 Ra8 20. Qc2 Qa4 21. Qe2 Qb4 22. d4 c4 23. Nb1 Ra2 24. Rc2 Bf8 25. Nc3 Ra1 26. Rc1 Rxc1 27. Bxc1 Ba8 28. Qh5 Nf6 29. Qxb5 Qxb5 30. Nxb5 Bxe4 31. Nc3 Bxg2 32. Kxg2 Bb4 33. Nc2 Bxc3 34. bxc3 Ne4 35. Ba3 Nxc3 36. Bc5 Ncd5 37. Kf3 f6 38. Ke2 Kf7 39. Kd2 Na4 40. Na3 Nb2 41. f3 e5 42. Kc2 Nd3 43. Kd2 Nb2 44. Kc2 c3 45. dxe5 fxe5 46. Nb5 Na4 47. Bf2 Ke6 48. Kd3 Nb2+ 49. Kc2 Kd7 50. Be1 Ke6 51. Nxc3 Nxc3 52. Kxc3 Na4+ 53. Kc4 Nb6+ 54. Kc5 Nd5 55. g4 e4 56. fxe4 Nf6 57. Kd4 Nxg4 58. h3 Ne5 59. Ke3 g5 60. Bc3 h5 61. Be1 Nc4+ 62. Kd4 Ne5 63. Bg3 Nf3+ 64. Ke3 Ne5 65. Bh2 Ng6 66. Bg3 Ne5 67. Be1 Ng6 1/2-1/2

[Event "Ashdod op"]
[Site "Ashdod"]
[Date "2004.12.14"]
[Round "8"]
[White "Lerner, Konstantin Z"]
[Black "Zak, Uriel"]
[Result "1/2-1/2"]
[WhiteElo "2504"]
[BlackElo "2363"]
[PlyCount "112"]
[EventDate "2004.12.09"]
[EventType "swiss"]
[EventRounds "9"]
[EventCountry "ISR"]
[SourceTitle "CBM 103 Extra"]
[Source "ChessBase"]
[SourceDate "2005.01.01"]
[SourceVersion "1"]
[SourceVersionDate "2005.01.01"]
[SourceQuality "1"]

1. d4 d5 2. c4 c6 3. Nc3 Nf6 4. Nf3 e6 5. Bg5 Be7 6. e3 Nbd7 7. Qc2 0-0 8. a3 b6 9. cxd5 cxd5 10. Bd3 Bb7 11. 0-0 Rc8 12. Qb1 a6 13. Ne5 h6 14. Bxf6 Bxf6 15. f4 Bxe5 16. fxe5 f6 17. exf6 Nxf6 18. Qe1 Qd6 19. Qh4 Nd7 20. Ne2 e5 21. Bf5 Rce8 22. Qg3 a5 23. Nc3 Bc6 24. Bxd7 Rxf1+ 25. Rxf1 Bxd7 26. Qf3 Bc6 27. Qf7+ Kh7 28. Qf5+ Kg8 29. Rf3 exd4 30. exd4 Re1+ 31. Kf2 Re8 32. Qf7+ Kh8 33. h3 b5 34. Ne2 b4 35. Nf4 bxa3 36. bxa3 Rb8 37. Ng6+ Kh7 38. Ne5 Be8 39. Qf4 Rb2+ 40. Kg1 a4 41. Rg3 Rb3 42. Qg4 Qf6 43. Rf3 Rxf3 44. Qxf3 Qg5 45. Qc3 Qf4 46. g3 Qf6 47. Qc2+ Kg8 48. Qc8 Qe7 49. Kf2 Kh7 50. Qc5 Qg5 51. Qc3 Qf5+ 52. Qf3 Qc2+ 53. Qe2 Qf5+ 54. Kg2 Kg8 55. Qd3 Qg5 56. Qc3 Bg6 1/2-1/2

[Event "Ashdod op"]
[Site "Ashdod"]
[Date "2004.12.13"]
[Round "6"]
[White "Rechlis, Gad"]
[Black "Zak, Uriel"]
[Result "0-1"]
[WhiteElo "2515"]
[BlackElo "2363"]
[PlyCount "114"]
[EventDate "2004.12.09"]
[EventType "swiss"]
[EventRounds "9"]
[EventCountry "ISR"]
[SourceTitle "CBM 103 Extra"]
[Source "ChessBase"]
[SourceDate "2005.01.01"]
[SourceVersion "1"]
[SourceVersionDate "2005.01.01"]
[SourceQuality "1"]

1. e4 e5 2. Nf3 Nc6 3. Bb5 a6 4. Bxc6 dxc6 5. 0-0 Bd6 6. d4 exd4 7. Qxd4 f6 8. Be3 Be6 9. Nbd2 Ne7 10. Rad1 Ng6 11. Nc4 Bxc4 12. Qxc4 Qe7 13. Rfe1 0-0-0 14. Bc1 Rhe8 15. Nd4 Ne5 16. Qb3 g6 17. h3 c5 18. Ne2 c4 19. Qe3 Bc5 20. Qg3 Nc6 21. Nc3 Nd4 22. e5 Nxc2 23. Rxd8+ Rxd8 24. Re4 Rd3 25. exf6 Qxf6 26. Qg4+ Kb8 27. Bf4 Qc6 28. Re6 Bd6 29. Bxd6 Rxd6 30. Re4 b5 31. a4 Kb7 32. axb5 axb5 33. Qh4 Nb4 34. Qg5 Nd5 35. Ne2 Qd7 36. Ng3 Nb4 37. Re7 Qc6 38. Rxh7 Nd3 39. Qd2 Re6 40. Kh2 Qc5 41. Rf7 Qc6 42. Nf1 Rf6 43. Rxf6 Qxf6 44. b3 Qd6+ 45. Kg1 cxb3 46. Qc3 b2 47. Nd2 b4 48. Qc4 Qa6 49. Qd5+ Kb6 50. Kh2 Qb5 51. Qe6+ c6 52. Qxg6 Qe5+ 53. Qg3 Kb5 54. h4 c5 55. h5 Qxh5+ 56. Kg1 Qd1+ 57. Kh2 Qxd2 0-1

[Event "Calvia op 1st"]
[Site "Calvia"]
[Date "2004.11.09"]
[Round "9"]
[White "Zak, Uriel"]
[Black "Komljenovic, Davorin"]
[Result "1/2-1/2"]
[WhiteElo "2363"]
[BlackElo "2479"]
[PlyCount "27"]
[EventDate "2004.11.01"]
[EventType "swiss"]
[EventRounds "9"]
[EventCountry "ESP"]
[SourceTitle "EXT 2005"]
[Source "ChessBase"]
[SourceDate "2004.11.15"]
[SourceVersion "1"]
[SourceVersionDate "2004.11.15"]
[SourceQuality "1"]

1. c4 g6 2. Nc3 Bg7 3. d4 Nf6 4. e4 d6 5. Nf3 0-0 6. Be2 e5 7. dxe5 dxe5 8. Qxd8 Rxd8 9. Bg5 c6 10. Nxe5 Re8 11. 0-0-0 Na6 12. Nf3 Nc5 13. Nd2 h6 14. Be3 1/2-1/2

[Event "Calvia op 1st"]
[Site "Calvia"]
[Date "2004.11.06"]
[Round "6"]
[White "Aleskerov, Faik"]
[Black "Zak, Uriel"]
[Result "0-1"]
[WhiteElo "2207"]
[BlackElo "2363"]
[PlyCount "54"]
[EventDate "2004.11.01"]
[EventType "swiss"]
[EventRounds "9"]
[EventCountry "ESP"]
[SourceTitle "EXT 2005"]
[Source "ChessBase"]
[SourceDate "2004.11.15"]
[SourceVersion "1"]
[SourceVersionDate "2004.11.15"]
[SourceQuality "1"]

1. e4 e5 2. Nf3 Nc6 3. d4 exd4 4. Bc4 Bc5 5. c3 Nf6 6. e5 d5 7. Bb5 Ne4 8. Nxd4 0-0 9. Bxc6 bxc6 10. 0-0 f6 11. Be3 Qe8 12. exf6 Nxf6 13. Bf4 Ne4 14. Be3 Qg6 15. f3 Nd6 16. Nd2 Bh3 17. Rf2 Rae8 18. Nf1 Nc4 19. Bc1 Ne5 20. Ng3 Nd3 21. Rf1 h5 22. gxh3 h4 23. Kg2 Bd6 24. f4 Bxf4 25. Qg4 Qxg4 26. hxg4 hxg3 27. hxg3 Bxc1 0-1

[Event "Tel Aviv After Holidays GM"]
[Site "Tel Aviv"]
[Date "2003.10.28"]
[Round "9"]
[White "Ravia, Mosi"]
[Black "Zak, Uriel"]
[Result "1/2-1/2"]
[WhiteElo "2386"]
[BlackElo "2356"]
[PlyCount "43"]
[EventDate "2003.10.19"]
[EventType "tourn"]
[EventRounds "9"]
[EventCountry "ISR"]
[EventCategory "8"]
[SourceTitle "EXT 2004"]
[Source "ChessBase"]
[SourceDate "2003.11.25"]
[SourceVersion "1"]
[SourceVersionDate "2003.11.25"]
[SourceQuality "1"]

1. d4 d5 2. c4 e6 3. Nc3 Nf6 4. Nf3 c5 5. e3 Nc6 6. a3 Ne4 7. Bd3 Nxc3 8. bxc3 dxc4 9. Bxc4 Bd6 10. 0-0 0-0 11. Qc2 e5 12. Bd3 h6 13. Be4 exd4 14. exd4 cxd4 15. cxd4 Qf6 16. Be3 Bg4 17. d5 Bxf3 18. Bxf3 Qe5 19. g3 Nd4 20. Qe4 Nxf3+ 21. Qxf3 Rfe8 22. a4 1/2-1/2

[Event "Tel Aviv After Holidays GM"]
[Site "Tel Aviv"]
[Date "2003.10.23"]
[Round "5"]
[White "Kaganskiy, Gleb"]
[Black "Zak, Uriel"]
[Result "0-1"]
[WhiteElo "2386"]
[BlackElo "2356"]
[PlyCount "52"]
[EventDate "2003.10.19"]
[EventType "tourn"]
[EventRounds "9"]
[EventCountry "ISR"]
[EventCategory "8"]
[SourceTitle "EXT 2004"]
[Source "ChessBase"]
[SourceDate "2003.11.25"]
[SourceVersion "1"]
[SourceVersionDate "2003.11.25"]
[SourceQuality "1"]

1. Nf3 Nf6 2. c4 e6 3. Nc3 d5 4. d4 c5 5. cxd5 cxd4 6. Qa4+ Nbd7 7. Nxd4 Nxd5 8. Nxd5 exd5 9. g3 Qb6 10. Bh3 Bb4+ 11. Bd2 Bxd2+ 12. Kxd2 0-0 13. Nf5 Nc5 14. Qc2 Ne4+ 15. Kc1 Qf6 16. f3 Nf2 17. Rd1 Nxd1 18. Kxd1 Kh8 19. g4 Bxf5 20. gxf5 Qh4 21. Bf1 Qf2 22. Kd2 Rac8 23. Qb3 Qxh2 24. Qxb7 Qf4+ 25. Ke1 Qh4+ 26. Kd2 Rb8 0-1

[Event "Ashdod op 1st"]
[Site "Ashdod"]
[Date "2003.10.15"]
[Round "6"]
[White "Zak, Uriel"]
[Black "Greenfeld, Alon"]
[Result "1/2-1/2"]
[WhiteElo "2356"]
[BlackElo "2527"]
[PlyCount "133"]
[EventDate "2003.10.04"]
[EventType "swiss"]
[EventRounds "9"]
[EventCountry "ISR"]
[SourceTitle "CBM 096 Extra"]
[Source "ChessBase"]
[SourceDate "2003.10.22"]
[SourceVersion "2"]
[SourceVersionDate "2003.10.20"]
[SourceQuality "1"]

1. e4 c5 2. Nf3 Nc6 3. d4 cxd4 4. Nxd4 Nf6 5. Nc3 d6 6. Bc4 e6 7. 0-0 Be7 8. Be3 0-0 9. Qe2 a6 10. Rad1 Qc7 11. Bb3 Na5 12. f4 b5 13. f5 e5 14. Nf3 Nxb3 15. cxb3 b4 16. Na4 Bd7 17. Nd2 d5 18. Rc1 Qb7 19. exd5 Nxd5 20. Nc4 Rac8 21. Bd2 Rfe8 22. Qe4 Bc6 23. Na5 Qa7+ 24. Be3 Qxe3+ 25. Qxe3 Nxe3 26. Nxc6 Bg5 27. Rfe1 Nxf5 28. Rc5 Kf8 29. Nb6 Be3+ 30. Rxe3 Rxc6 31. Rxc6 Nxe3 32. Nd7+ Ke7 33. Nxe5 Rd8 34. Nf3 a5 35. Rc5 Ng4 36. Rc1 f6 37. Re1+ Kd6 38. Rd1+ Kc7 39. Rxd8 Kxd8 40. Nd2 Ne5 41. Nc4 Nc6 42. Kf2 Kd7 43. Ke3 Ke6 44. Ke4 h6 45. h4 g5 46. hxg5 hxg5 47. g4 Ne5 48. Nxa5 Nxg4 49. Nc6 f5+ 50. Kd4 f4 51. Ke4 Nf2+ 52. Kf3 Nd3 53. Ke4 Nc5+ 54. Kf3 Kf5 55. Nd4+ Kf6 56. a3 bxa3 57. bxa3 Ke5 58. Nc6+ Kd5 59. Ne7+ Ke6 60. Ng6 Kf5 61. Ne7+ Kf6 62. Ng8+ Ke6 63. b4 Nd3 64. Nh6 Ne5+ 65. Ke4 f3 66. Ke3 g4 67. Nxg4 1/2-1/2

[Event "ISR-chT"]
[Site "Israel"]
[Date "2003.01.18"]
[Round "1"]
[White "Soffer, Ram"]
[Black "Zak, Uriel"]
[Result "1-0"]
[WhiteElo "2488"]
[BlackElo "2341"]
[PlyCount "77"]
[EventDate "2003.01.??"]
[EventType "team"]
[EventRounds "11"]
[EventCountry "ISR"]
[SourceTitle "EXT 2004"]
[Source "ChessBase"]
[SourceDate "2003.11.25"]
[SourceVersion "1"]
[SourceVersionDate "2003.11.25"]
[SourceQuality "1"]

1. c4 e6 2. Nf3 d5 3. e3 Nf6 4. b3 Be7 5. Bb2 0-0 6. Be2 b6 7. 0-0 Bb7 8. Nc3 Nbd7 9. d4 c5 10. Rc1 cxd4 11. Qxd4 dxc4 12. Qxc4 Nd5 13. Nxd5 Bxd5 14. Qf4 Bf6 15. Ba3 Be7 16. Bxe7 Qxe7 17. e4 e5 18. Nxe5 Nxe5 19. exd5 Rac8 20. Rxc8 Rxc8 21. Rc1 Rxc1+ 22. Qxc1 g6 23. g3 Qb4 24. Qe3 Qd6 25. f4 Nd7 26. Bf3 Kf8 27. Kg2 Qc5 28. Qd2 Ke7 29. b4 Qc4 30. d6+ Ke6 31. g4 f5 32. Kg3 Qb5 33. Qd4 a5 34. a4 Qxb4 35. Qd5+ Kf6 36. g5+ Kg7 37. Qe6 Qxa4 38. Bd5 Qc2 39. Qg8# 1-0

[Event "ISR-chT"]
[Site "Israel"]
[Date "2002.04.19"]
[Round "9"]
[White "Zoler, Dan"]
[Black "Zak, Uriel"]
[Result "1-0"]
[WhiteElo "2497"]
[BlackElo "2353"]
[PlyCount "51"]
[EventDate "2002.01.10"]
[EventType "team"]
[EventRounds "11"]
[EventCountry "ISR"]
[SourceTitle "EXT 2003"]
[Source "ChessBase"]
[SourceDate "2002.11.25"]
[SourceVersion "1"]
[SourceVersionDate "2002.11.25"]
[SourceQuality "1"]

1. d4 d5 2. c4 e6 3. Nc3 Be7 4. Nf3 Nf6 5. Bg5 Nbd7 6. e3 0-0 7. Qc2 h6 8. Bh4 c5 9. dxc5 Qa5 10. cxd5 Nxd5 11. Bxe7 Nxe7 12. Be2 Nxc5 13. 0-0 Bd7 14. Rfd1 Rac8 15. Ne5 Ba4 16. Nxa4 Nxa4 17. Nc4 b5 18. Nxa5 Rxc2 19. Bxb5 Nxb2 20. Rd7 Nd5 21. Rxa7 Nc3 22. Bf1 Rc8 23. Nb3 Nbd1 24. a4 Nxf2 25. a5 Nfe4 26. a6 1-0

[Event "ISR-chT"]
[Site "Israel"]
[Date "2002.03.09"]
[Round "6"]
[White "Shevelev, Arkady"]
[Black "Zak, Uriel"]
[Result "1/2-1/2"]
[WhiteElo "2348"]
[BlackElo "2353"]
[PlyCount "116"]
[EventDate "2002.01.10"]
[EventType "team"]
[EventRounds "11"]
[EventCountry "ISR"]
[SourceTitle "EXT 2003"]
[Source "ChessBase"]
[SourceDate "2002.11.25"]
[SourceVersion "1"]
[SourceVersionDate "2002.11.25"]
[SourceQuality "1"]

1. e4 e5 2. Nf3 Nc6 3. d4 exd4 4. c3 dxc3 5. Bc4 d6 6. Nxc3 Nf6 7. Ng5 Ne5 8. Bb3 Bg4 9. f3 Bh5 10. 0-0 Be7 11. Nh3 0-0 12. Nf4 Bg6 13. Nfd5 Nxd5 14. Nxd5 Nd7 15. Be3 c6 16. Nxe7+ Qxe7 17. Qd2 Nc5 18. Bc2 d5 19. b4 Ne6 20. f4 d4 21. Bf2 f5 22. exf5 Bxf5 23. Bb3 a5 24. Bxd4 axb4 25. Qe3 Kh8 26. Rae1 Rae8 27. Qe5 Qd7 28. Ba1 Nc7 29. Qc5 Nd5 30. Re5 Bd3 31. Rf2 Ba6 32. h3 Rf5 33. Bxd5 cxd5 34. Qxb4 h6 35. g4 Rfxe5 36. fxe5 Qe7 37. Qd6 Qg5 38. Bd4 Qc1+ 39. Kg2 Qc6 40. Rf8+ Rxf8 41. Qxf8+ Kh7 42. Qf5+ Qg6 43. e6 Qxf5 44. gxf5 Bd3 45. e7 Bb5 46. Kg3 Kg8 47. Kf4 Kf7 48. Bc5 g6 49. fxg6+ Kxg6 50. Ke5 Kf7 51. Kxd5 Bd7 52. h4 h5 53. Kd6 Ke8 54. Be3 Bg4 55. a4 Bd1 56. a5 Bf3 57. Bc5 Bg2 58. Kc7 Bf3 1/2-1/2

[Event "Eilat GP "]
[Site "Eilat"]
[Date "2001.11.15"]
[Round "1"]
[White "Zak, Uriel"]
[Black "Finkel, Alexander"]
[Result "0-1"]
[WhiteElo "2335"]
[BlackElo "2485"]
[PlyCount "70"]
[EventDate "2001.11.15"]
[EventType "swiss"]
[EventRounds "5"]
[EventCountry "ISR"]
[SourceTitle "CBM 086"]
[Source "ChessBase"]
[SourceDate "2002.02.05"]
[SourceVersion "1"]
[SourceVersionDate "2002.02.05"]
[SourceQuality "1"]

1. c4 e5 2. Nc3 Nc6 3. Nf3 Nf6 4. d3 g6 5. Nd5 Bg7 6. Bg5 h6 7. Nxf6+ Bxf6 8. Bxf6 Qxf6 9. Qd2 b6 10. g3 Bb7 11. Bg2 Nd4 12. Nh4 0-0-0 13. Bxb7+ Kxb7 14. Ng2 Qc6 15. 0-0 g5 16. b4 f5 17. Ne1 h5 18. b5 Qh6 19. e3 Ne6 20. a4 h4 21. a5 g4 22. axb6 axb6 23. f4 hxg3 24. Qg2+ c6 25. hxg3 exf4 26. gxf4 Nc5 27. Nc2 Qe6 28. Ra3 Ra8 29. Rfa1 Rxa3 30. Rxa3 Rh3 31. bxc6+ dxc6 32. e4 Qh6 33. d4 Rxa3 34. Nxa3 Nxe4 35. Qb2 Ng3 0-1